000 00781nam a2200265Ia 4500
003 OSt
005 20220924121029.0
006 a|||||r|||| 00| 0
007 ta
008 220923b |||||||| |||| 00| 0 san d
020 _a9789380651019 (hbk)
020 _c225
024 _a243071
037 _b209, 03/09/2010, Vidyanidhi Prakashan
_cTextual
040 _aARTS
_cARTS
_bsan
041 _2san
_asan
082 _aQ21:21x1,1, 152Q0
100 _aUdayanath Jha
_9184040
245 0 _aShodasharch- purushsukatam
260 _aDelhi
_bVidyanidhi Prakashan India
_c2010
300 _a110p.
_ccm.
650 _aSANSKRIT
942 _hQ21:21x1,1, 152Q0
_cTEXL
_2CC
999 _c405507
_d405507